Les amours d'un interne ; La cigarette / (Record no. 133633)

MARC details
000 -LEADER
campo de control de longitud fija 00700nam a2200229 i 4500
001 - NÚMERO DE CONTROL
campo de control 133633
003 - IDENTIFICADOR DE NÚMERO DE CONTROL
campo de control ES-MaACL
005 - FECHA Y HORA DE LA ÚLTIMA TRANSACCIÓN
campo de control 20250701063144.0
007 - CAMPO FIJO DE DESCRIPCIÓN FÍSICA--INFORMACIÓN GENERAL
campo de control de longitud fija t|
008 - DATOS DE LONGITUD FIJA--INFORMACIÓN GENERAL
campo de control de longitud fija 070823q1899 fr ||||1| fre d
080 ## - NÚMERO DE LA CLASIFICACIÓN DECIMAL UNIVERSAL
Número de la Clasificación Decimal Universal 821.133.1"18"
100 1# - ENTRADA PRINCIPAL--NOMBRE DE PERSONA
Nombre de persona Claretie, Jules,
Fechas asociadas al nombre 1840-1913
9 (RLIN) 160289
Término indicativo de función/relación Autor
245 14 - MENCIÓN DEL TÍTULO
Título Les amours d'un interne ; La cigarette /
Mención de responsabilidad, etc. Jules Claretie.
260 ## - PUBLICACIÓN, DISTRIBUCIÓN, ETC.
Lugar de publicación, distribución, etc. Paris :
Nombre del editor, distribuidor, etc. Fayard Freres,
Fecha de publicación, distribución, etc. [ca. 1899]
300 ## - DESCRIPCIÓN FÍSICA
Extensión 382, 192 páginas ;
Dimensiones 23 cm.
500 ## - NOTA GENERAL
Nota general Biblioteca Jacinto Martínez Lacalle
740 32 - ENTRADA AGREGADA--TÍTULO RELACIONADO/ANALÍTICO NO CONTROLADO
Título relacionado o analítico no controlado La cigarette.
852 ## - LOCALIZACIÓN
Ubicación ES-MaACL
Número de control de estantería E-12005
Sublocalización o colección R.139942
Ubicación en estantería Depósito 2
942 ## - ELEMENTOS DE ENTRADA SECUNDARIOS (KOHA)
Fuente del sistema de clasificación o colocación Clasificación decimal universal
Tipo de ítem Koha Libro impreso antiguo
Suprimir en OPAC No
Holdings
Estatus retirado Estado de pérdida Estado de daño No para préstamo Colección Biblioteca de origen Biblioteca actual Ubicación en estantería Fecha de adquisición Fuente de adquisición Total de préstamos Signatura topográfica completa Código de barras Visto por última vez Precio de reemplazo Tipo de ítem Koha
        Libros del s. XIX Biblioteca del Ateneo de Madrid Biblioteca del Ateneo de Madrid Depósito 2 17/01/2008     E-12005 1139112 23/02/2023 23/02/2023 Libro impreso antiguo